00919cam a22002653i 4500001000500000005001700005020001800022020001700040020001500057040005900072050002700131082000800158100001800166245008100184250003500265260006700300300002300367490002400390500002200414505000700436520013600443521002600579521001700605655003100622219020241210141342.0 a9780816735754 a051487035757 a0816735751 aAZTcAZTdOCLdBTCTAdBAKERdVYGdMM3dOCLCOdDLCbeng00aCPB Box no. 14 vol. 20 a8131 aMeyers, Susan10aBeautiful Brittany /cSusan Meyers. Can being fashion models spell disaster? aThis edition published in 2002 aPlace of Publication not identified :bTroll Associates,c1995 a121 pages :c19 cm1 aAlways Friends Club a"Little rainbow." aQ  aIf Brittany is chosen as a model for the new fashion catalog and Meg is left out, will it mean the end of the Always Friends Club? a900 bLexile estimate aQ bRaz-Plus 7aYoung adult fiction.2lcsh